Principles of CMOS VLSI design (Record no. 2744)

000 -LEADER
fixed length control field 00701nam a2200229 a 4500
001 - CONTROL NUMBER
control field 2744
003 - CONTROL NUMBER IDENTIFIER
control field BD-DhUET
008 - FIXED-LENGTH DATA ELEMENTS--GENERAL INFORMATION
fixed length control field 920421s1993 mauaf b 001 0 eng
020 ## - INTERNATIONAL STANDARD BOOK NUMBER
International Standard Book Number 0201533766
040 ## - CATALOGING SOURCE
Original cataloging agency DLC
Transcribing agency DLC
Modifying agency BD-DhUET
082 00 - DEWEY DECIMAL CLASSIFICATION NUMBER
Classification number 623.8173
Item number WES/1992
100 1# - MAIN ENTRY--PERSONAL NAME
Personal name Weste, Neil H. E.
245 10 - TITLE STATEMENT
Title Principles of CMOS VLSI design
Remainder of title a systems perspective
Statement of responsibility, etc. by Neil H.E. Weste and Kamran Eshraghian
250 ## - EDITION STATEMENT
Edition statement 2nd ed.
260 ## - PUBLICATION, DISTRIBUTION, ETC. (IMPRINT)
Place of publication, distribution, etc. New York
Name of publisher, distributor, etc. Addison-Wesley Publishing
Date of publication, distribution, etc. 1993
300 ## - PHYSICAL DESCRIPTION
Extent xxii, 713 p.
490 ## - SERIES STATEMENT
Series statement The VLSI system series
504 ## - BIBLIOGRAPHY, ETC. NOTE
Bibliography, etc Includes bibliographies
650 #0 - SUBJECT ADDED ENTRY--TOPICAL TERM
Topical term or geographic name as entry element Integrated circuits- VLSI-Design and construction
700 ## - ADDED ENTRY--PERSONAL NAME
Personal name Eshraghian, Kamran
942 ## - ADDED ENTRY ELEMENTS (KOHA)
Koha item type General Book
Holdings
Damaged status Sublocation or collection (holding branch) Copy number Source of classification or shelving scheme Koha issues (times borrowed) Piece designation (barcode) Lost status Shelving location Koha normalized classification for sorting Date acquired Koha item type Koha date last seen Location (home branch) Price effective from Not for loan Koha full call number Withdrawn status Koha date last borrowed
 Central Library, BUET1  107718 Circulation section623_817300000000000_WES_19932014-09-30General Book2014-09-30Central Library, BUET2014-09-30 623.8173/WES/1993  
 Central Library, BUET2 1107801 Circulation section623_000000000000000_8173WES1992014-09-30General Book2015-01-10Central Library, BUET2014-09-30 623.8173/WES/1993 2014-12-13
 Central Library, BUET3  91121 Circulation section623_000000000000000_8173WES1992014-10-29General Book2014-10-29Central Library, BUET2014-10-29 623.8173/WES/1993  
 Central Library, BUET4  91119 Circulation section623_817300000000000_WES_19932014-10-29General Book2014-10-29Central Library, BUET2014-10-29 623.8173/WES/1993  
 Central Library, BUET5  91120 Circulation section623_000000000000000_8173WES1992014-11-01General Book2014-11-01Central Library, BUET2014-11-01 623.8173/WES/1992  
 Central Library, BUET6 191124 Circulation section623_000000000000000_8173WES1992014-11-01General Book2018-08-27Central Library, BUET2014-11-01 623.8173/WES/1992 2018-08-14
 Central Library, BUET7  91123 Circulation section623_000000000000000_8173WES1992014-11-09General Book2017-01-01Central Library, BUET2014-11-09 623.8173/WES/1993  
 Central Library, BUET8  90588 Reading section623_817300000000000_WES_19932015-07-02Reading Item2015-07-02Central Library, BUET2015-07-02 623.8173/WES/1993  
 Central Library, BUET9  91122 Circulation section623_817300000000000_WES_19931997-04-28General Book2019-01-30Central Library, BUET2019-01-30 623.8173/WES/1993